| 000 | 00883nam a2200277 i 4500 | ||
|---|---|---|---|
| 001 | 000013147 | ||
| 003 | DO-SdBNP | ||
| 005 | 20240306073902.0 | ||
| 007 | ta | ||
| 008 | 091120s2005 dr a 000 0 spa d | ||
| 020 | _a9945110977 | ||
| 040 |
_aDO-SdBNP _bspa _cBNPHU _erda |
||
| 049 | _aBNPD | ||
| 082 | 4 |
_bA188 _222 |
|
| 245 | 0 | 0 |
_aActivación del pensamiento 1 / _cdirección editorial, Obdulia García de Escobar ; ilustración, Ruddy Núñez. |
| 264 |
_aSanto Domingo : _bSantillana, _c2005. |
||
| 300 |
_a96 páginas : _bilustraciones ; _c21 cm. |
||
| 336 |
_2rdacontent _atexto _btxt |
||
| 337 |
_2rdamedia _asin mediación _bn |
||
| 338 |
_2rdacarrier _avolumen _bnc |
||
| 490 | _aÁmbar | ||
| 590 | _aInventariado, 2024/BT | ||
| 700 | 1 |
_aGarcía Escobar, Obdulia de _edirección editorial _929220 |
|
| 700 | 1 |
_aNúñez, Ruddy, _eilustraciones _923171 |
|
| 942 |
_2ddc _cLBS1 |
||
| 999 |
_c12787 _d12787 |
||